Mahajan's Methods in Biostatistics for Medical Students and Research Workers (Record no. 15538)

MARC details
000 -LEADER
fixed length control field 00417nam a22001577a 4500
003 - CONTROL NUMBER IDENTIFIER
control field SGT
020 ## - INTERNATIONAL STANDARD BOOK NUMBER
International Standard Book Number 9789352703104
082 ## - DEWEY DECIMAL CLASSIFICATION NUMBER
Classification number 612.015
Item number M18B
100 ## - MAIN ENTRY--PERSONAL NAME
Personal name Banerjee, Bratati
245 ## - TITLE STATEMENT
Title Mahajan's Methods in Biostatistics for Medical Students and Research Workers
250 ## - EDITION STATEMENT
Edition statement 9TH
260 ## - PUBLICATION, DISTRIBUTION, ETC. (IMPRINT)
Place of publication, distribution, etc NEW DELHI
Name of publisher, distributor, etc JAYPEE PUBLISHER
Year of Publication 2018
300 ## - PAGE DESCRIPTION
No. of Pages 395
650 ## - SUBJECT ADDED ENTRY--TOPICAL TERM
Topical term or geographic name as entry element PUBLIC HEALTH DENTISTRY
942 ## - ADDED ENTRY ELEMENTS (KOHA)
Source of classification or shelving scheme Dewey Decimal Classification
Koha item type Books
942 ## - ADDED ENTRY ELEMENTS (KOHA)
-- 3
Holdings
Withdrawn status Lost status Source of classification or shelving scheme Damaged status Not for loan Home library Current library Shelving location Date acquired Vendor Name Cost, normal purchase price SGTU Bill Number Total Checkouts Full call number Accession No. (Barcode) Date last seen Date last borrowed Bill Date Koha item type
    Dewey Decimal Classification     SGT Dental Library SGT Dental Library Text Book 13/06/2018 ABC 395.00 SGTU 9730 2 612.015 M18B FD7594 26/12/2019 23/12/2019 15/05/2018 Books
    Dewey Decimal Classification     SGT Dental Library SGT Dental Library Text Book 13/06/2018 ABC 395.00 SGTU 9730 7 612.015 M18B FD7595 30/12/2019 23/12/2019 15/05/2018 Books
    Dewey Decimal Classification     SGT Dental Library SGT Dental Library Text Book 13/06/2018 ABC 395.00 SGTU 9730   612.015 M18B FD7596 13/06/2018   15/05/2018 Books
    Dewey Decimal Classification     SGT Dental Library SGT Dental Library Text Book 13/06/2018 ABC 395.00 SGTU 9730 7 612.015 M18B FD7597 25/01/2021 09/12/2020 15/05/2018 Books
    Dewey Decimal Classification     SGT Dental Library SGT Dental Library Text Book 13/06/2018 ABC 395.00 SGTU 9730 3 612.015 M18B FD7598 09/01/2025 04/01/2025 15/05/2018 Books